000 00620nam a22001697a 4500
008 141202t mx||||| |||| 00| 0 spa d
020 _a9786079544829
050 0 4 _aKGF3156
_bA77 2011
100 1 _aArreola Vega, Fernando
245 1 0 _aLineamientos teóricos fundamentales de la inamovilidad judicial en México /
_cFernando Arreola Vega.
250 _a1a ed.
260 _aMorelia, Michoacán, México :
_bUniversidad La Salle Morelia ,: Consejo de la Ciudad Morelia,
_c2011
300 _a267 p. ;
_c23 cm.
650 7 _2Lemb
_aPoder judicial
_zMéxico
650 7 _2Lemb
_aFunción judicial
_zMéxico
942 _2ddc
_cLIB
999 _c72749
_d72749